000 00825nam a2200253Ia 4500
003 OSt
005 20220923215128.0
006 a|||||r|||| 00| 0
007 ta
008 220922b |||||||| |||| 00| 0 hin d
024 _a175,854
037 _cTextual
040 _aARTS
_cARTS
_bhin
041 _2hin
_ahin
082 _aO152,1xN5, M5
100 _aबन्धु, राधेश्याम, संपा.
245 0 _aसमकालीन कविता
246 _aSamakālīn kavitā
260 _aकानपुर
_b समग्र चेतना
_c1985
300 _a116 पृ.
_ccm.
650 _aहिन्दी साहित्य
_9156264
942 _hO152,1xN5, M5
_cTEXL
_2CC
999 _c329530
_d329530